Economics : (Record no. 126116)

MARC details
000 -LEADER
fixed length control field 00790nam a22002537a 4500
003 - CONTROL NUMBER IDENTIFIER
control field dpl
005 - DATE AND TIME OF LATEST TRANSACTION
control field 20180803122150.0
008 - FIXED-LENGTH DATA ELEMENTS--GENERAL INFORMATION
fixed length control field 180803b xxu||||| |||| 00| 0 eng d
010 ## - LIBRARY OF CONGRESS CONTROL NUMBER
LC control number A-947446
020 ## - INTERNATIONAL STANDARD BOOK NUMBER
Terms of availability 00.00
International Standard Book Number 8185989273
035 ## - SYSTEM CONTROL NUMBER
System control number A-947446, A-947463
037 ## - SOURCE OF ACQUISITION
Source of stock number/acquisition Cen Lib/Ret
040 ## - CATALOGING SOURCE
Original cataloging agency DPL
Language of cataloging EN
Transcribing agency 0
082 ## - DEWEY DECIMAL CLASSIFICATION NUMBER
Classification number 330
Item number MUK
100 ## - MAIN ENTRY--PERSONAL NAME
Personal name Mukerjee, S
9 (RLIN) 16617
245 ## - TITLE STATEMENT
Title Economics :
Statement of responsibility, etc by S. Mukkerjee
Remainder of title fundamentals and foundations /
260 ## - PUBLICATION, DISTRIBUTION, ETC. (IMPRINT)
Place of publication, distribution, etc New Delhi
Name of publisher, distributor, etc Galgotiya Publishing Company
Date of publication, distribution, etc 1998
270 ## - ADDRESS
City New Delhi
Address Karol Bagh
Postal code 110005
300 ## - PHYSICAL DESCRIPTION
Extent vii,332p.
Dimensions 21cm(Hb)
500 ## - GENERAL NOTE
General note Includes bibliographical references and index
650 ## - SUBJECT ADDED ENTRY--TOPICAL TERM
Topical term or geographic name as entry element Economics
9 (RLIN) 87497
650 ## - SUBJECT ADDED ENTRY--TOPICAL TERM
Topical term or geographic name as entry element Economics --fundamentals
9 (RLIN) 87498
942 ## - ADDED ENTRY ELEMENTS (KOHA)
Source of classification or shelving scheme Dewey Decimal Classification
Koha item type English Books
Classification part 330
Call number suffix MUK
Holdings
Withdrawn status Lost status Damaged status Not for loan Home library Current library Date acquired Source of acquisition Cost, normal purchase price Total Checkouts Full call number Barcode Date last seen Date checked out Copy number Cost, replacement price Price effective from Koha item type Source of classification or shelving scheme Collection code
        Central Library Central Library 24/06/2015 Cen Lib/Ret 0.00 1 330 MUK A-947446 15/01/2018 12/01/2018 1 0.00 24/06/2015 English Books    
        Shahdara Branch Shahdara Branch 03/08/2018 BPPD/PUB 0.00   330 MUK A-947463 03/08/2018     0.00 03/08/2018 English Books Dewey Decimal Classification Non-fiction

© Delhi Public Library
Hit Counter
free hit counter